Library of the University of Algiers 3
Ibrahim Sultan Cheibout
شعار جامعة الجزائر 3
مكتبة جامعة الجزائر 3
إبراهيم سلطان شيبوط

التنظيم الاداري في المنظمات المعاصرة مدخل تطبيقي لإعداد وتطوير التنظيم الإداري للمنشآت المتخصصة : (رقم التسجيلة. 42686)

تفاصيل مارك
000 -LEADER
fixed length control field 01935nam a2200217Ia 4500
003 - CONTROL NUMBER IDENTIFIER
control field Ost
005 - DATE AND TIME OF LATEST TRANSACTION
control field 20260507075053.0
008 - FIXED-LENGTH DATA ELEMENTS--GENERAL INFORMATION
fixed length control field 260507s9999||||xx |||||||||||||| ||und||
040 ## - CATALOGING SOURCE
Transcribing agency fsecg
041 ## - LANGUAGE CODE
Language code of text/sound track or separate title ara
082 ## - DEWEY DECIMAL CLASSIFICATION NUMBER
Classification number 350
100 ## - MAIN ENTRY--PERSONAL NAME
Personal name أبو بكر، مصطفي محمود
Relator term مؤلف
245 #0 - TITLE STATEMENT
Title التنظيم الاداري في المنظمات المعاصرة مدخل تطبيقي لإعداد وتطوير التنظيم الإداري للمنشآت المتخصصة :
Remainder of title شركات استثمار عقاري-مكاتب استشارية-فنادق-منشآت سياحية-مستشفيات /
Statement of responsibility, etc. مصطفي محمود أبو بكر
260 ## - PUBLICATION, DISTRIBUTION, ETC.
Place of publication, distribution, etc. الاسكندرية:
Name of publisher, distributor, etc. الدار الجامعية,
Date of publication, distribution, etc. 2005
300 ## - PHYSICAL DESCRIPTION
Extent 547 صفحة؛
Other physical details إيضاحات ؛
Dimensions 24 سم
504 ## - BIBLIOGRAPHY, ETC. NOTE
Bibliography, etc. note المراجع ص.507
520 ## - SUMMARY, ETC.
Summary, etc. أنواع وخصائص المنظمات وأسس تحديد التنظيم الاداري الملائم، بيئة المنظمة والتنظيم الاداري الملائم، التنظيم الاداري الفعال، الهيكل التنظيمي، الاختصاصات التنظيمية، الهيكل الوظيفي ونظام الصلاحيات، الرؤية الاستراتيجية لاعداد وتوير التنظيم الاداري، الاطار العام لتقديم خدمات اعداد وتطوير التنظيم الاداري، الاطار الاستراتيجي لعملية تطوير التنظيم الاداري، الثقافة التنظيمية وتأثيرها على فعالية التنظيم الاداري، الأبعاد الرئيسية للتنظيم الاداري في المنشآت العائلية، تقرير عن نتائج زيارة ميدانية لاحدى المشاريع الذي تنفذه احدى المنشآت التابعة لشركة أم
653 ## - INDEX TERM--UNCONTROLLED
Uncontrolled term الادارة العامة
653 ## - INDEX TERM--UNCONTROLLED
Uncontrolled term الشركات
942 ## - ADDED ENTRY ELEMENTS (KOHA)
Koha item type كتب
المقتنيات
Withdrawn status Lost status Source of classification or shelving scheme Damaged status Not for loan Home library Current library Date acquired Serial enumeration / chronology Inventory number Total checkouts Full call number Barcode Date last seen Price effective from Koha item type
    Dewey Decimal Classification   NOT LOAN / إعارة داخلية مكتبة كلية العلوم الإقتصادية والعلوم التجارية وعلوم التسيير مكتبة كلية العلوم الإقتصادية والعلوم التجارية وعلوم التسيير 07/05/2026 الطابق الأرضي 691/1   أ/691ن1 691/1 07/05/2026 07/05/2026 كتب
    Dewey Decimal Classification   Available مكتبة كلية العلوم الإقتصادية والعلوم التجارية وعلوم التسيير مكتبة كلية العلوم الإقتصادية والعلوم التجارية وعلوم التسيير 07/05/2026 الطابق الأرضي 691/2   أ/691ن2 691/2 07/05/2026 07/05/2026 كتب
    Dewey Decimal Classification   Available مكتبة كلية العلوم الإقتصادية والعلوم التجارية وعلوم التسيير مكتبة كلية العلوم الإقتصادية والعلوم التجارية وعلوم التسيير 07/05/2026 الطابق الأرضي 691/3   أ/691ن3 691/3 07/05/2026 07/05/2026 كتب
    Dewey Decimal Classification   Available مكتبة كلية العلوم الإقتصادية والعلوم التجارية وعلوم التسيير مكتبة كلية العلوم الإقتصادية والعلوم التجارية وعلوم التسيير 07/05/2026 الطابق الثاني 691/4   أ/691ن4 691/4 07/05/2026 07/05/2026 كتب

موارد الويب المفتوحة


© University of Algiers 3 All Rights Reserved
|
Implemented by LECHELAH Riad